La experiencia moral
Guardat en:
| Autor principal: | |
|---|---|
| Format: | Llibre |
| Idioma: | espanyol |
| Publicat: |
Santiago
Universitaria
1992
|
| Edició: | 1a. ed |
| Col·lecció: | Colección El Saber y la Cultura
|
| Matèries: | |
| Etiquetes: |
Afegir etiqueta
Sense etiquetes, Sigues el primer a etiquetar aquest registre!
|
MARC
| LEADER | 00000cam a2200000 a 4500 | ||
|---|---|---|---|
| 001 | UCD1992 | ||
| 003 | CL-VaPUC | ||
| 008 | 160407e19920600cl |||||||||||||||||spa|d | ||
| 020 | |a 9561108096 | ||
| 082 | 0 | 4 | |a 170 |b GIA |2 21 |
| 100 | |a Giannini Iñiguez, Humberto |e autor |9 582349 | ||
| 245 | 1 | 3 | |a La experiencia moral |
| 250 | |a 1a. ed | ||
| 300 | |a 144 p | ||
| 942 | |c BK | ||
| 945 | |d 20160407 22:06:00 |a arojas | ||
| 260 | |a Santiago |b Universitaria |c 1992 | ||
| 650 | 0 | |a Ética |9 255099 | |
| 650 | 0 | |a Metafísica |9 265649 | |
| 650 | 0 | |a Diálogos |9 257026 | |
| 650 | 0 | |a Teoría del conocimiento |9 255038 | |
| 650 | 0 | |a Conducta humana |9 269906 | |
| 583 | |a last modification |c 20160407 22:06:00 |k Rodrigo Vera | ||
| 490 | 0 | |a Colección El Saber y la Cultura | |
| 999 | |c 363199 |d 363197 | ||
| 952 | |0 0 |1 0 |3 erb |4 0 |6 170_000000000000000_GIA_1992 |7 0 |8 C |9 475075 |a BIBCUR |b BIBCUR |i 5269482 |o 170 GIA 1992 |p 5269482 |r 2025-04-22 |w 2019-11-24 |y BK |z Catalogado en:20160407 |k CAC | ||